<?xml version="1.0" encoding="UTF-8"?>
<record
    xmlns:xsi="http://www.w3.org/2001/XMLSchema-instance"
    xsi:schemaLocation="http://www.loc.gov/MARC21/slim http://www.loc.gov/standards/marcxml/schema/MARC21slim.xsd"
    xmlns="http://www.loc.gov/MARC21/slim">

  <leader>00655nam a2200193   4500</leader>
  <controlfield tag="001">85229</controlfield>
  <controlfield tag="003">BD-RjUL</controlfield>
  <controlfield tag="005">20250717115355.0</controlfield>
  <controlfield tag="008">250717s1990    bg ||||| |||| 00| 0 ben d</controlfield>
  <datafield tag="035" ind1=" " ind2=" ">
    <subfield code="a">(BD-RjUL)85229</subfield>
  </datafield>
  <datafield tag="040" ind1=" " ind2=" ">
    <subfield code="a">BD-RjUL</subfield>
    <subfield code="b">eng</subfield>
    <subfield code="c">BD-RjUL</subfield>
  </datafield>
  <datafield tag="041" ind1=" " ind2=" ">
    <subfield code="a">urd</subfield>
  </datafield>
  <datafield tag="082" ind1=" " ind2=" ">
    <subfield code="2">23</subfield>
    <subfield code="a">891.4391509</subfield>
    <subfield code="b">SAB 1990</subfield>
  </datafield>
  <datafield tag="245" ind1=" " ind2=" ">
    <subfield code="a">&#x628;&#x646;&#x6AF;&#x627;&#x644; &#x645;&#x6CC;&#x6BA; &#x63A;&#x627;&#x644;&#x628; &#x634;&#x646;&#x627;&#x633;&#x649; / Bang&#x101;l men&#x332; G&#x332;h&#x332;&#x101;lib shin&#x101;s&#x12B; /</subfield>
    <subfield code="c">:&#x6A9;&#x644;&#x6CC;&#x645; &#x633;&#x6C1;&#x633;&#x631;&#x627;&#x645;&#x649;&#x60C; -;;  Kal&#x12B;m Sahasr&#x101;m&#x12B;.</subfield>
  </datafield>
  <datafield tag="260" ind1=" " ind2=" ">
    <subfield code="a">Dhaka :</subfield>
    <subfield code="b">Baraqi arat press, </subfield>
    <subfield code="c">1990</subfield>
  </datafield>
  <datafield tag="300" ind1=" " ind2=" ">
    <subfield code="a">94 p. ;</subfield>
    <subfield code="c">22 cm</subfield>
  </datafield>
  <datafield tag="600" ind1=" " ind2=" ">
    <subfield code="a">Ghalib, Mirza Asadullah Khan,</subfield>
    <subfield code="c">Criticism and interpretation</subfield>
    <subfield code="d"> 1797-1869 </subfield>
    <subfield code="9">16080</subfield>
  </datafield>
  <datafield tag="942" ind1=" " ind2=" ">
    <subfield code="2">ddc</subfield>
    <subfield code="c">BK</subfield>
  </datafield>
  <datafield tag="999" ind1=" " ind2=" ">
    <subfield code="c">85229</subfield>
    <subfield code="d">85229</subfield>
  </datafield>
  <datafield tag="952" ind1=" " ind2=" ">
    <subfield code="0">0</subfield>
    <subfield code="1">0</subfield>
    <subfield code="2">ddc</subfield>
    <subfield code="4">0</subfield>
    <subfield code="7">1</subfield>
    <subfield code="8">NFIC</subfield>
    <subfield code="a">RUCL</subfield>
    <subfield code="b">RUCL</subfield>
    <subfield code="c">Reading</subfield>
    <subfield code="d">1990-12-11</subfield>
    <subfield code="e">Kalim Sahsarami prof. of Language R.U.</subfield>
    <subfield code="l">0</subfield>
    <subfield code="o">U 891.4391509 SAB 1990</subfield>
    <subfield code="r">2025-07-17 00:00:00</subfield>
    <subfield code="t">C-1</subfield>
    <subfield code="w">2025-07-17</subfield>
    <subfield code="y">BK</subfield>
  </datafield>
</record>
